[Event "Paul Keres mem (1st)"]
[Site "Vancouver CAN"]
[Date "1976.06.21"]
[Round "4"]
[White "Reeve, Jeff"]
[Black "Brodie, Hugh"]
[Result "1-0"]
[WhiteElo "1980"]
[BlackElo "1881"]
[PlyCount "47"]
[EventDate "1976.06.19"]
[EventType "swiss"]
[EventRounds "10"]
[EventCountry "CAN"]

1. e4 c5 2. Nf3 Nc6 3. d4 cxd4 4. Nxd4 Nf6 5. Nc3 g6 6. Nxc6 bxc6 7. e5 Ng8 8.
Bc4 Bg7 9. Qf3 f5 10. Bf4 Qa5 11. O-O Nh6 12. h3 Ba6 13. b4 Qb6 14. Be3 Qxb4
15. Bxh6 Bxe5 16. Bxa6 Bxc3 17. Rab1 Qa5 18. Bb7 Rd8 19. Bxc6 dxc6 20. Qxc6+
Kf7 21. Rb5 Qa3 22. Qc4+ Kf6 23. Rb3 Rc8 24. Qh4+ 1-0

[Event "Paul Keres mem (1st)"]
[Site "Vancouver CAN"]
[Date "1976.06.22"]
[Round "5"]
[White "Forbes, Gerry"]
[Black "Brodie, Hugh"]
[Result "0-1"]
[WhiteElo "1816"]
[BlackElo "1881"]
[PlyCount "94"]
[EventDate "1976.06.19"]
[EventType "swiss"]
[EventRounds "10"]
[EventCountry "CAN"]

1. g3 e5 2. Bg2 Nc6 3. d3 d6 4. Nc3 g6 5. e4 Bg7 6. Be3 f5 7. exf5 Bxf5 8. Qd2
Qd7 9. O-O-O O-O-O 10. Nd5 Nge7 11. Nxe7+ Nxe7 12. Qb4 c5 13. Qa3 Kb8 14. Ne2
Nc6 15. Rhe1 Be6 16. c3 Rc8 17. Kb1 Qc7 18. Qa4 Bd7 19. Qh4 Qa5 20. Bd5 Rcf8
21. f4 Bf6 22. Qh6 Ne7 23. Bb3 Nf5 24. Qh3 Nxe3 25. Qxd7 Nxd1 26. Qxd6+ Qc7 27.
Qxc7+ Kxc7 28. Rxd1 Rd8 29. Kc2 Rhe8 30. Bf7 Re7 31. Bc4 a6 32. a4 Kc6 33. a5
Rde8 34. g4 exf4 35. Nxf4 Bg5 36. Ne6 Rxe6 37. Bxe6 Rxe6 38. h4 Re2+ 39. Kb3
Bxh4 40. Rh1 g5 41. Rf1 Rf2 42. Rg1 Kb5 43. d4 cxd4 44. cxd4 Rf3+ 45. Kc2 Kxa5
46. d5 Kb6 47. Rg2 Rf2+ 0-1

[Event "Paul Keres mem (1st)"]
[Site "Vancouver CAN"]
[Date "1976.06.23"]
[Round "6"]
[White "Brodie, Hugh"]
[Black "Morrison, Robert"]
[Result "0-1"]
[WhiteElo "1881"]
[BlackElo "1975"]
[PlyCount "134"]
[EventDate "1976.06.19"]
[EventType "swiss"]
[EventRounds "10"]
[EventCountry "CAN"]

1. e4 c6 2. d3 d5 3. Nd2 dxe4 4. dxe4 e5 5. Ngf3 Qc7 6. Bc4 Be7 7. O-O Nf6 8.
h3 O-O 9. c3 b6 10. Qe2 a5 11. Re1 Ba6 12. Nf1 Bxc4 13. Qxc4 Nbd7 14. Ng3 b5
15. Qe2 g6 16. Bh6 Rfd8 17. Rad1 Nc5 18. Qe3 Ne6 19. Qc1 Ng7 20. Qg5 Nfh5 21.
Qc1 Nxg3 22. fxg3 Bc5+ 23. Be3 Be7 24. Bg5 f6 25. Be3 Ne6 26. Qc2 Kg7 27. Qf2
Qb7 28. Rf1 Rf8 29. Qd2 Rfd8 30. Qf2 Rxd1 31. Rxd1 Rd8 32. Rf1 Rf8 33. Qd2 Rd8
34. Qf2 Qd7 35. Kh2 a4 36. Bb6 Rb8 37. Be3 Rd8 38. Bb6 Rf8 39. Be3 c5 40. Qe2
Rd8 41. Qf2 Rf8 42. Qe2 Rd8 43. Qf2 g5 44. Kh1 Rf8 45. Qe2 Rd8 46. Qf2 Qd6 47.
Kh2 c4 48. Bb6 Rd7 49. a3 h6 50. Be3 Nc5 51. Bxc5 Qxc5 52. Qxc5 Bxc5 53. Re1 h5
54. g4 h4 55. Re2 Rd3 56. Ng1 Be3 57. Nf3 Bf4+ 58. Kh1 Rd1+ 59. Ng1 Bg3 60. Rc2
Kf7 61. Re2 Ke6 62. Rc2 Kd6 63. Re2 Kc6 64. Rc2 Rf1 65. b4 axb3 66. Rc1 Re1 67.
Rd1 Bf2 0-1

[Event "Paul Keres mem (1st)"]
[Site "Vancouver CAN"]
[Date "1976.06.24"]
[Round "7"]
[White "MacKay, Tom"]
[Black "Brodie, Hugh"]
[Result "0-1"]
[WhiteElo "1872"]
[BlackElo "1881"]
[PlyCount "80"]
[EventDate "1976.06.19"]
[EventType "swiss"]
[EventRounds "10"]
[EventCountry "CAN"]

1. e4 c5 2. Nc3 Nc6 3. g3 g6 4. Bg2 Bg7 5. d3 d6 6. Be3 f5 7. Nge2 e5 8. f4 Nd4
9. Nd5 Nf6 10. Nxf6+ Bxf6 11. c3 Ne6 12. Qb3 Qe7 13. exf5 gxf5 14. Bh3 exf4 15.
Nxf4 Nxf4 16. Qa4+ b5 17. Qxf4 O-O 18. O-O Be5 19. Qf2 Bd7 20. Bg2 Rae8 21.
Rae1 Qg7 22. Qd2 Qg6 23. d4 cxd4 24. Bxd4 Qg7 25. Bxe5 dxe5 26. Bd5+ Kh8 27.
Kh1 Rf6 28. Re3 Rd6 29. Rd3 Bc8 30. Be4 Rxd3 31. Bxd3 Rd8 32. Qe3 Rf8 33. Bxb5
Qb7+ 34. Kg1 Qxb5 35. Qxa7 Bb7 36. Qe3 Qd5 37. Qe2 Qh1+ 38. Kf2 Qxh2+ 39. Ke1
Qxe2+ 40. Kxe2 Ba6+ 0-1

[Event "Paul Keres mem (1st)"]
[Site "Vancouver CAN"]
[Date "1976.06.25"]
[Round "8"]
[White "Brodie, Hugh"]
[Black "Widdison, Kirk"]
[Result "1/2-1/2"]
[WhiteElo "1881"]
[BlackElo "1864"]
[PlyCount "95"]
[EventDate "1976.06.19"]
[EventType "swiss"]
[EventRounds "10"]
[EventCountry "CAN"]

1. f4 Nf6 2. Nf3 d5 3. e3 c5 4. b3 e6 5. Bb2 Be7 6. Bb5+ Bd7 7. Qe2 a6 8. Bxd7+
Nbxd7 9. O-O O-O 10. d3 b5 11. Nbd2 Qb6 12. Ne5 Nxe5 13. fxe5 Nd7 14. d4 Rac8
15. c3 f6 16. exf6 Bxf6 17. Qd3 Kh8 18. Kh1 e5 19. e4 cxd4 20. cxd4 exd4 21.
exd5 Nc5 22. Qh3 Rce8 23. Rae1 Qd6 24. Qh5 Rxe1 25. Rxe1 Nd3 26. Re6 Qb4 27. d6
Nxb2 28. Qf7 Qxd6 29. Re8 Be7 30. Qxe7 Qxe7 31. Rxe7 h6 32. Kg1 Nd1 33. Rd7 Nc3
34. Nf3 Rf4 35. a3 Kh7 36. Rd6 a5 37. h3 Nb1 38. a4 bxa4 39. bxa4 Nc3 40. Ra6
d3 41. Rd6 Rxa4 42. Rxd3 Rc4 43. Nd2 Rc7 44. Rd8 a4 45. Ra8 Kg6 46. Kf2 Re7 47.
Nc4 Re6 48. Kf3 1/2-1/2

[Event "Paul Keres mem (1st)"]
[Site "Vancouver CAN"]
[Date "1976.06.26"]
[Round "9"]
[White "Haines, Duncan"]
[Black "Brodie, Hugh"]
[Result "1/2-1/2"]
[WhiteElo "1859"]
[BlackElo "1881"]
[PlyCount "89"]
[EventDate "1976.06.19"]
[EventType "swiss"]
[EventRounds "10"]
[EventCountry "CAN"]

1. d4 Nf6 2. c4 e5 3. dxe5 Ng4 4. e6 Bb4+ 5. Bd2 Bxd2+ 6. Qxd2 fxe6 7. Nc3 O-O
8. Nf3 b6 9. e4 Bb7 10. Be2 Qe7 11. O-O d6 12. Rae1 Nd7 13. h3 Nge5 14. Nxe5
dxe5 15. Rd1 Rad8 16. Qc2 a6 17. a3 Nf6 18. b4 Rd4 19. f3 Nh5 20. Bd3 Nf4 21.
Ne2 Nxe2+ 22. Bxe2 Rfd8 23. Rd3 c5 24. Qb3 Bc6 25. Rfd1 Rxd3 26. Rxd3 Rd4 27.
Kf1 Qd6 28. Ke1 Rxd3 29. Qxd3 Qxd3 30. Bxd3 Kf7 31. Kd2 Kf6 32. b5 Bb7 33. a4
h5 34. h4 g5 35. g3 a5 36. Ke3 Bc8 37. Be2 Bd7 38. hxg5+ Kxg5 39. f4+ exf4+ 40.
gxf4+ Kg6 41. Bf3 Be8 42. e5 Kf5 43. Bc6 Bf7 44. Kf3 Kg6 45. Bd7 1/2-1/2

[Event "Paul Keres mem (1st)"]
[Site "Vancouver CAN"]
[Date "1976.06.27"]
[Round "10"]
[White "Eggers, Paul"]
[Black "Brodie, Hugh"]
[Result "1-0"]
[WhiteElo "1950"]
[BlackElo "1881"]
[PlyCount "51"]
[EventDate "1976.06.19"]
[EventType "swiss"]
[EventRounds "10"]
[EventCountry "CAN"]

1. d4 Nf6 2. c4 e5 3. dxe5 Ng4 4. e4 Nxe5 5. Nc3 Bb4 6. f4 Bxc3+ 7. bxc3 Ng6 8.
Nf3 d6 9. Bd3 Nd7 10. O-O Nc5 11. Bc2 O-O 12. Be3 b6 13. Nd4 Bb7 14. f5 Ne5 15.
f6 g6 16. Qe1 Kh8 17. Qh4 Rg8 18. Bg5 Qc8 19. Rf4 h5 20. Bd1 Kh7 21. Bxh5 Rh8
22. Nf5 Nc6 23. Bxg6+ Kxg6 24. Qg4 Kh7 25. Qh5+ Kg8 26. Bh6 1-0

[Event "Toronto op"]
[Site "Toronto CAN"]
[Date "1976.04.16"]
[Round "1"]
[White "Danilov, Alex"]
[Black "Brodie, Hugh"]
[Result "1/2-1/2"]
[WhiteElo "1766"]
[BlackElo "1905"]
[PlyCount "92"]
[EventDate "1976.04.16"]
[EventType "swiss"]
[EventRounds "6"]
[EventCountry "CAN"]

1. c4 e5 2. Nc3 Nc6 3. Nf3 g6 4. g3 Bg7 5. d3 d6 6. Bg2 f5 7. Be3 Nf6 8. a3 O-O
9. Qc2 h6 10. h4 Be6 11. Rc1 Qd7 12. b4 Ng4 13. Bd2 Rae8 14. O-O Kh7 15. e3 Nd8
16. Ne2 Nf7 17. Nh2 Nxh2 18. Kxh2 c6 19. d4 d5 20. cxd5 Bxd5 21. dxe5 Nxe5 22.
f3 Nc4 23. e4 Bg8 24. Rcd1 Qe7 25. Bc1 fxe4 26. fxe4 Ne5 27. Nf4 Rd8 28. Bh3
Rxd1 29. Qxd1 Rd8 30. Qc2 Rd4 31. Qf2 Rxe4 32. Qxa7 Bc4 33. Rd1 Nf3+ 34. Kh1
Re1+ 35. Rxe1 Qxe1+ 36. Kg2 Qxc1 37. Kxf3 Qd1+ 38. Kg2 Qd2+ 39. Qf2 Qxf2+ 40.
Kxf2 Bb2 41. Bc8 Ba6 42. a4 Bd4+ 43. Kf3 Bc3 44. b5 cxb5 45. axb5 Bxb5 46. Bxb7
Kg7 1/2-1/2

[Event "Toronto op"]
[Site "Toronto CAN"]
[Date "1976.04.16"]
[Round "2"]
[White "Brodie, Hugh"]
[Black "McSherry, P."]
[Result "1/2-1/2"]
[WhiteElo "1905"]
[BlackElo "1710"]
[PlyCount "136"]
[EventDate "1976.04.16"]
[EventType "swiss"]
[EventRounds "6"]
[EventCountry "CAN"]

1. f4 d6 2. Nf3 Nf6 3. b3 g6 4. Bb2 Bg7 5. e3 O-O 6. Be2 c5 7. O-O Nc6 8. Bb5
Bd7 9. Bxc6 Bxc6 10. Qe1 b5 11. d3 a5 12. Nbd2 a4 13. a3 Nd7 14. Bxg7 Kxg7 15.
Qh4 e5 16. Qg3 f6 17. Nh4 Kh8 18. Qh3 Rg8 19. fxe5 fxe5 20. Rf7 Qg5 21. e4 Raf8
22. Rxf8 Nxf8 23. Nhf3 Qe3+ 24. Kh1 axb3 25. Nxb3 Bd7 26. Qh4 g5 27. Qe1 Qf4
28. Qd2 Ne6 29. Qxf4 Nxf4 30. g3 Ne6 31. Kg2 Ra8 32. Kf2 Kg7 33. c3 Bc6 34. Ke3
Ra4 35. d4 cxd4+ 36. cxd4 exd4+ 37. Nfxd4 Nxd4 38. Nxd4 Bd7 39. Nc2 Rc4 40. Kd3
d5 41. Nd4 dxe4+ 42. Kxe4 Ra4 43. Rc1 Rc4 44. Rxc4 bxc4 45. Kd5 c3 46. Kc4 Kf6
47. Kxc3 h5 48. Kd3 Ke5 49. Ke3 Be8 50. Ne2 Kf5 51. Nc3 Bc6 52. a4 Kg4 53. Kf2
h4 54. a5 hxg3+ 55. hxg3 Kf5 56. a6 Ke5 57. a7 Kd6 58. Ke3 Kc7 59. Ne4 Kb7 60.
Nxg5 Kxa7 61. Kd4 Kb7 62. Ke5 Kc7 63. Ne6+ Kd7 64. g4 Ke7 65. g5 Ba4 66. Nc5
Bc2 67. Ne4 Bxe4 68. Kxe4 Kf7 1/2-1/2

[Event "Toronto op"]
[Site "Toronto CAN"]
[Date "1976.04.17"]
[Round "3"]
[White "Yearwood, Imlach"]
[Black "Brodie, Hugh"]
[Result "0-1"]
[WhiteElo "1690"]
[BlackElo "1905"]
[PlyCount "94"]
[EventDate "1976.04.16"]
[EventType "swiss"]
[EventRounds "6"]
[EventCountry "CAN"]

1. e4 c5 2. Nc3 Nc6 3. g3 g6 4. Bg2 Bg7 5. Nge2 d6 6. d3 e5 7. Be3 f5 8. f4 Nd4
9. O-O Nf6 10. h3 O-O 11. Qd2 Be6 12. Rae1 Qd7 13. fxe5 dxe5 14. Kh2 Rae8 15.
Ng1 fxe4 16. Nxe4 Nxe4 17. Bxe4 Bd5 18. c3 Ne6 19. Qg2 Bxe4 20. dxe4 Rd8 21.
Re2 Qd3 22. Nf3 Qc4 23. a3 Rd7 24. Nd2 Qb5 25. Rxf8+ Bxf8 26. Nf3 Bg7 27. Rd2
Qc6 28. Rxd7 Qxd7 29. Qd2 Qxd2+ 30. Nxd2 Kf7 31. Kg2 Ke7 32. Kf2 Kd7 33. b4
cxb4 34. axb4 a6 35. c4 Nd4 36. Bxd4 exd4 37. Ke2 Bf8 38. c5 Kc6 39. Kd3 Kb5
40. Nb3 Kxb4 41. Nxd4 Bxc5 42. e5 a5 43. Ke4 Bxd4 44. Kxd4 a4 45. e6 a3 46. e7
a2 47. e8=Q a1=Q+ 0-1

[Event "Toronto op"]
[Site "Toronto CAN"]
[Date "1976.04.17"]
[Round "4"]
[White "Brodie, Hugh"]
[Black "Albin, Bill"]
[Result "0-1"]
[WhiteElo "1905"]
[BlackElo "1771"]
[PlyCount "51"]
[EventDate "1976.04.16"]
[EventType "swiss"]
[EventRounds "6"]
[EventCountry "CAN"]

1. e4 Nf6 2. Nc3 d5 3. e5 Ne4 4. d4 Nxc3 5. bxc3 c5 6. Nf3 Nc6 7. Bd3 Bg4 8.
Be3 e6 9. h3 Bxf3 10. Qxf3 c4 11. Be2 Qa5 12. Bd2 Be7 13. Qg4 O-O 14. O-O Kh8
15. a4 f5 16. exf6 Rxf6 17. Rfb1 Rg6 18. Rb5 Rxg4 19. Rxa5 Re4 20. Rb5 Rxe2 21.
Rd1 b6 22. f3 Bh4 23. Kf1 Rf2+ 24. Kg1 Rxd2 25. Rxd2 Be1 26. Rd1 0-1

[Event "Toronto op"]
[Site "Toronto CAN"]
[Date "1976.04.18"]
[Round "5"]
[White "Frilles, Ruperto"]
[Black "Brodie, Hugh"]
[Result "0-1"]
[WhiteElo "1680"]
[BlackElo "1905"]
[PlyCount "64"]
[EventDate "1976.04.16"]
[EventType "swiss"]
[EventRounds "6"]
[EventCountry "CAN"]

1. e4 c5 2. Nf3 Nc6 3. Nc3 g6 4. b3 Bg7 5. Bb2 d6 6. Be2 e5 7. d3 f5 8. Bc1 Nf6
9. O-O O-O 10. Bg5 h6 11. Bxf6 Qxf6 12. Nd5 Qd8 13. c3 Be6 14. c4 Kh7 15. Kh1
f4 16. Ng1 Qd7 17. g4 Nd4 18. f3 Bf6 19. Nxf6+ Rxf6 20. Rf2 g5 21. h3 h5 22.
Rh2 hxg4 23. hxg4+ Rh6 24. Nh3 Kg6 25. Qd2 Rah8 26. Kg2 Bxg4 27. fxg4 f3+ 28.
Kf2 Rxh3 29. Rxh3 Rxh3 30. Bxf3 Rxf3+ 31. Ke1 Qxg4 32. Qd1 Qg2 0-1

[Event "Toronto op"]
[Site "Toronto CAN"]
[Date "1976.04.18"]
[Round "6"]
[White "Brodie, Hugh"]
[Black "Caron, Francis"]
[Result "1/2-1/2"]
[WhiteElo "1905"]
[BlackElo "1750"]
[PlyCount "100"]
[EventDate "1976.04.16"]
[EventType "swiss"]
[EventRounds "6"]
[EventCountry "CAN"]

1. f4 Nf6 2. b3 g6 3. e3 d5 4. Bb2 Bg7 5. Nf3 Bg4 6. h3 Bxf3 7. Qxf3 Nbd7 8.
Be2 O-O 9. O-O Rc8 10. d3 c5 11. Nd2 Ne4 12. Bxg7 Nxd2 13. Qf2 Kxg7 14. Rfd1
Qa5 15. Qe1 Nxb3 16. axb3 Qxe1+ 17. Rxe1 a6 18. Bf3 e6 19. e4 d4 20. g3 e5 21.
Rf1 f6 22. Bg2 Rc6 23. Kf2 b5 24. Ke2 c4 25. bxc4 bxc4 26. Kd2 c3+ 27. Ke2 Rb8
28. Rfb1 Rcb6 29. Rxb6 Rxb6 30. Kd1 Nc5 31. Kc1 Kf7 32. Ra5 Rb5 33. Ra2 a5 34.
Bf3 a4 35. Bd1 Rb4 36. Ra1 Na6 37. Rb1 Rxb1+ 38. Kxb1 Nb4 39. fxe5 fxe5 40. h4
a3 41. g4 h6 42. g5 h5 43. Ka1 Ke6 44. Kb1 Kd6 45. Ka1 Kc6 46. Bxh5 Nxc2+ 47.
Ka2 Nb4+ 48. Kxa3 c2 49. Kb2 Nxd3+ 50. Kxc2 Nf4 1/2-1/2

[Event "Abe Yanofsky op"]
[Site "Montreal CAN"]
[Date "1976.03.26"]
[Round "1"]
[White "Brodie, Hugh"]
[Black "Day, Lawrence"]
[Result "0-1"]
[WhiteElo "1905"]
[BlackElo "2386"]
[PlyCount "40"]
[EventDate "1976.03.26"]
[EventType "swiss"]
[EventRounds "5"]
[EventCountry "CAN"]

1. f4 d5 2. b3 Bg4 3. g3 Nc6 4. Bb2 Qd6 5. Bg2 e5 6. fxe5 Nxe5 7. Nf3 Ng6 8.
O-O h5 9. Qe1 Nf6 10. d3 O-O-O 11. Nbd2 h4 12. e3 hxg3 13. Qxg3 Qd7 14. Ne5
Nxe5 15. Bxe5 Re8 16. Bf4 Nh5 17. Qf2 Nxf4 18. Qxf4 Bd6 19. Qxf7 Bxh2+ 20. Kh1
Bf4+ 0-1

[Event "Abe Yanofsky op"]
[Site "Montreal CAN"]
[Date "1976.03.27"]
[Round "2"]
[White "Vignalou, Jacques"]
[Black "Brodie, Hugh"]
[Result "1/2-1/2"]
[WhiteElo "1835"]
[BlackElo "1905"]
[PlyCount "62"]
[EventDate "1976.03.26"]
[EventType "swiss"]
[EventRounds "5"]
[EventCountry "CAN"]

1. e4 c5 2. Nf3 Nc6 3. Bb5 g6 4. O-O Bg7 5. Re1 Nd4 6. Nxd4 cxd4 7. d3 Nf6 8.
c4 O-O 9. Nd2 d6 10. Nf3 Nd7 11. Bxd7 Bxd7 12. b4 e5 13. a4 a6 14. Rb1 b5 15.
cxb5 axb5 16. a5 Rc8 17. h3 Re8 18. Bg5 f6 19. Bd2 Be6 20. Rc1 Qd7 21. Nh2 d5
22. f3 dxe4 23. fxe4 Rxc1 24. Qxc1 Bf8 25. Nf1 Bd6 26. Qb2 Kg7 27. Rc1 Rc8 28.
Rc2 Rxc2 29. Qxc2 Qc7 30. Qxc7+ Bxc7 31. Kf2 f5 1/2-1/2

[Event "Abe Yanofsky op"]
[Site "Montreal CAN"]
[Date "1976.03.27"]
[Round "3"]
[White "Szczepara, Marek"]
[Black "Brodie, Hugh"]
[Result "1/2-1/2"]
[WhiteElo "1801"]
[BlackElo "1905"]
[PlyCount "70"]
[EventDate "1976.03.26"]
[EventType "swiss"]
[EventRounds "5"]
[EventCountry "CAN"]

1. d4 Nf6 2. c4 e5 3. d5 Bc5 4. Nf3 d6 5. h3 O-O 6. Nc3 h6 7. Qd3 c6 8. e4 cxd5
9. cxd5 a6 10. Be3 Nbd7 11. Be2 b5 12. O-O Bxe3 13. Qxe3 Nb6 14. Rac1 Bd7 15.
Rc2 Rc8 16. Rfc1 Nc4 17. Bxc4 Rxc4 18. Nd2 Rc8 19. a3 Nh5 20. Na2 f5 21. Nb4
Nf4 22. Nxa6 Qg5 23. Qf3 fxe4 24. Nxe4 Qg6 25. g4 Rxc2 26. Rxc2 Nxh3+ 27. Qxh3
Qxe4 28. Rc7 Bxg4 29. Qg2 Rf3 30. Nb4 g5 31. Rc1 Bh3 32. Qh2 Qg4+ 33. Kh1 Qe4
34. Kg1 Qg4+ 35. Kh1 Qe4 1/2-1/2

[Event "Abe Yanofsky op"]
[Site "Montreal CAN"]
[Date "1976.03.28"]
[Round "4"]
[White "Brodie, Hugh"]
[Black "Wang, Frank"]
[Result "1/2-1/2"]
[WhiteElo "1905"]
[BlackElo "1821"]
[PlyCount "139"]
[EventDate "1976.03.26"]
[EventType "swiss"]
[EventRounds "5"]
[EventCountry "CAN"]

1. f4 d5 2. Nf3 Nf6 3. b3 g6 4. Bb2 Bg7 5. e3 O-O 6. Be2 c5 7. O-O Nc6 8. Bb5
Bd7 9. Bxc6 Bxc6 10. Qe1 Rc8 11. d3 b5 12. Nbd2 Ba8 13. Ne5 Ne8 14. Qh4 Nd6 15.
g4 c4 16. bxc4 bxc4 17. Bd4 Nb5 18. g5 Nxd4 19. exd4 f6 20. Nef3 cxd3 21. cxd3
Rc3 22. Ne1 Bc6 23. Nb3 Bd7 24. Rd1 fxg5 25. fxg5 Rxf1+ 26. Kxf1 Qf8+ 27. Kg1
Qf5 28. Rd2 Qg4+ 29. Qxg4 Bxg4 30. Kf2 Kf7 31. Ke3 h6 32. h4 hxg5 33. hxg5 Bf5
34. Rc2 Rxc2 35. Nxc2 Ke6 36. Nc5+ Kd6 37. Nb3 Bg4 38. Ne1 Bd1 39. Nf3 Kc6 40.
Nh4 Bh5 41. Nf3 e6 42. Ne5+ Kd6 43. Nf7+ Kd7 44. Ne5+ Kd6 45. Nf3 Bxf3 46. Kxf3
Kc6 47. a4 Bf8 48. Na5+ Kd6 49. Nb3 e5 50. Kg4 e4 51. dxe4 dxe4 52. Nd2 Kd5 53.
Kf4 Kxd4 54. Nxe4 a5 55. Nf6 Bd6+ 56. Kf3 Kc4 57. Ke4 Kb3 58. Kd5 Bf4 59. Nd7
Kxa4 60. Kc4 Ka3 61. Nf8 a4 62. Nxg6 Bxg5 63. Kc3 Bf6+ 64. Kc2 Kb4 65. Nf4 Kc4
66. Kb1 Kb3 67. Nd3 a3 68. Nc1+ Kc3 69. Ka2 Be7 70. Ne2+ 1/2-1/2

[Event "Abe Yanofsky op"]
[Site "Montreal CAN"]
[Date "1976.03.28"]
[Round "5"]
[White "Mohan, RV."]
[Black "Brodie, Hugh"]
[Result "1-0"]
[WhiteElo "2005"]
[BlackElo "1905"]
[PlyCount "81"]
[EventDate "1976.03.26"]
[EventType "swiss"]
[EventRounds "5"]
[EventCountry "CAN"]

1. g3 e5 2. Bg2 Nc6 3. d3 g6 4. c4 d6 5. Nc3 Bg7 6. Nh3 f5 7. f4 Nf6 8. O-O O-O
9. Kh1 h6 10. Be3 Be6 11. Qd2 Ng4 12. Bg1 Qd7 13. Rab1 Rae8 14. Nd5 Kh7 15. b4
a6 16. Rfc1 Qf7 17. a4 Nd8 18. b5 axb5 19. axb5 c6 20. bxc6 bxc6 21. Nb4 d5 22.
cxd5 cxd5 23. fxe5 Bxe5 24. Nf4 Nf6 25. Nc2 g5 26. Nxe6 Qxe6 27. Rb6 Qf7 28.
Ra6 Re6 29. Ra7 Re7 30. Rxe7 Qxe7 31. Nd4 f4 32. gxf4 Bxf4 33. e3 Be5 34. Nf3
Bd6 35. Qc3 g4 36. Nd4 Be5 37. Qc5 Bd6 38. Qc8 Qe5 39. Qf5+ Kg7 40. Ra1 Qe7 41.
Qc8 1-0

[Event "Ottawa op"]
[Site "Ottawa CAN"]
[Date "1976.03.12"]
[Round "1"]
[White "Brodie, Hugh"]
[Black "Armstrong, John"]
[Result "0-1"]
[WhiteElo "1905"]
[BlackElo "1630"]
[PlyCount "104"]
[EventDate "1976.03.12"]
[EventType "swiss"]
[EventRounds "5"]
[EventCountry "CAN"]

1. e4 d6 2. d4 Nf6 3. Nc3 g6 4. f4 Bg7 5. Nf3 c5 6. Bb5+ Bd7 7. e5 Ng4 8. e6
Bxb5 9. exf7+ Kd7 10. Nxb5 Qa5+ 11. Nc3 cxd4 12. Nxd4 Bxd4 13. Qxd4 Nc6 14. Qd1
Qh5 15. Ne4 Qf5 16. Ng3 Qe6+ 17. Qe2 Nd4 18. Qxe6+ Kxe6 19. Kd2 Rac8 20. c3 Nf5
21. Nxf5 gxf5 22. h3 Nf6 23. Kd3 Kxf7 24. Be3 a6 25. Bd4 Rhg8 26. Rhg1 Rg3+ 27.
Ke2 Nd5 28. Raf1 Rcg8 29. c4 Rxg2+ 30. Rxg2 Rxg2+ 31. Kf3 Rd2 32. Bg1 Nf6 33.
Rf2 Rd3+ 34. Kg2 Ne4 35. Re2 Kf6 36. Bb6 Rg3+ 37. Kh2 Rf3 38. Bd4+ e5 39. fxe5+
dxe5 40. Bb6 Rd3 41. Bc7 Rd2 42. Rxd2 Nxd2 43. b3 f4 44. Kg2 Kf5 45. Ba5 Ne4
46. Kf3 Ng5+ 47. Kg2 e4 48. h4 Ne6 49. Bc3 Kg4 50. Bf6 e3 51. b4 f3+ 52. Kf1 f2
0-1

[Event "Ottawa op"]
[Site "Ottawa CAN"]
[Date "1976.03.13"]
[Round "2"]
[White "Brodie, Hugh"]
[Black "McKenna, M."]
[Result "1-0"]
[WhiteElo "1905"]
[BlackElo "1570"]
[PlyCount "147"]
[EventDate "1976.03.12"]
[EventType "swiss"]
[EventRounds "5"]
[EventCountry "CAN"]

1. e4 e6 2. d3 d5 3. Nd2 Nf6 4. Ngf3 dxe4 5. dxe4 a6 6. g3 Nc6 7. Bg2 e5 8. O-O
Bc5 9. h3 O-O 10. c3 b5 11. Qc2 Bb7 12. Re1 Nd7 13. Nb3 Bb6 14. Bg5 f6 15. Be3
Qe7 16. Rad1 Rfd8 17. Nh4 g6 18. Kh2 Bxe3 19. Rxe3 Nb6 20. Red3 Nc4 21. Rxd8+
Rxd8 22. Rxd8+ Nxd8 23. Nd2 Nd6 24. Nhf3 Ne6 25. Ne1 c5 26. Nf1 Ng5 27. f3 Bc6
28. Ne3 Qe6 29. h4 Ngf7 30. Nd3 Qxa2 31. Nxc5 a5 32. Bh3 Nc4 33. Nxc4 Qxc4 34.
Nd3 b4 35. Kg1 Nd6 36. Bf1 Nb5 37. Qa4 Nxc3 38. Qxa5 Qd4+ 39. Kh2 Nd1 40. Qxb4
Qxb4 41. Nxb4 Ba4 42. Bc4+ Kf8 43. Nd3 Ne3 44. Ba6 Bd1 45. Ne1 Ke7 46. Kg1 f5
47. exf5 Nxf5 48. Kf2 Nd4 49. b4 Kd6 50. Bc4 Ba4 51. Ke3 Nc6 52. Nd3 Bc2 53. b5
Nd4 54. Nxe5 Nxb5 55. Bxb5 Kxe5 56. f4+ Kf5 57. Bd7+ Kf6 58. g4 h6 59. g5+ hxg5
60. hxg5+ Ke7 61. Bc8 Bb1 62. Kd4 Kd6 63. Bb7 Ba2 64. Be4 Bf7 65. Bd3 Ke7 66.
Ke5 Be8 67. Bc4 Ba4 68. Bd5 Bd7 69. Bg8 Kf8 70. Be6 Ba4 71. Kf6 Be8 72. Bd5 Bf7
73. Be4 Bb3 74. Bxg6 1-0

[Event "Ottawa op"]
[Site "Ottawa CAN"]
[Date "1976.03.13"]
[Round "3"]
[White "Langille, G."]
[Black "Brodie, Hugh"]
[Result "0-1"]
[WhiteElo "1600"]
[BlackElo "1905"]
[PlyCount "72"]
[EventDate "1976.03.12"]
[EventType "swiss"]
[EventRounds "5"]
[EventCountry "CAN"]

1. d4 Nf6 2. c4 e5 3. dxe5 Ng4 4. Nc3 Nxe5 5. e4 Nbc6 6. f4 Ng6 7. Be3 Bb4 8.
Bd3 d6 9. Qc2 Qh4+ 10. g3 Qe7 11. O-O-O Bxc3 12. Qxc3 f6 13. h3 Bd7 14. Nf3
O-O-O 15. b4 a6 16. b5 Nb8 17. Rh2 b6 18. bxa6 Nxa6 19. Qa3 Kb7 20. Rb2 Nc5 21.
Bxc5 dxc5 22. Rh2 Ra8 23. Qb2 Bc6 24. Nd2 Ra7 25. Re1 Rha8 26. Bb1 Ra3 27. Nb3
R3a4 28. Nd2 Rb4 29. Qc3 Qf7 30. Kd1 Rd8 31. Ke2 Ra4 32. Kf1 Rd4 33. Re3 Qd7
34. Qb2 Ra8 35. Ke1 Rd8 36. Qb3 Rxd2 0-1

[Event "Ottawa op"]
[Site "Ottawa CAN"]
[Date "1976.03.14"]
[Round "4"]
[White "Brodie, Hugh"]
[Black "Winterton, Ken"]
[Result "1-0"]
[WhiteElo "1905"]
[BlackElo "1965"]
[PlyCount "91"]
[EventDate "1976.03.12"]
[EventType "swiss"]
[EventRounds "5"]
[EventCountry "CAN"]

1. f4 c5 2. b3 d5 3. e3 Nf6 4. Nf3 Nc6 5. Bb5 Bd7 6. Bb2 e6 7. O-O a6 8. Bxc6
Bxc6 9. d3 Be7 10. Ne5 Qc7 11. Nd2 O-O 12. Ndf3 Nd7 13. Qe1 Nxe5 14. Nxe5 Be8
15. Rc1 f6 16. Ng4 h5 17. Nf2 e5 18. f5 Kf7 19. e4 Bc6 20. exd5 Bxd5 21. Ne4
Rh8 22. Qh4 Rag8 23. Rf3 Qc6 24. Rg3 Bxe4 25. dxe4 c4 26. Kh1 Rd8 27. Bc3 b5
28. b4 Qb6 29. h3 Rd6 30. Kh2 Rh6 31. Bxe5 Rd7 32. Bf4 Rh8 33. a3 Bd6 34. Rd1
Qd8 35. Kh1 Be7 36. Rxd7 Qxd7 37. Kh2 Qd1 38. e5 Qxc2 39. e6+ Kg8 40. Rxg7+
Kxg7 41. Qg3+ Kf8 42. Qg6 Rh7 43. Bh6+ Rg7 44. Qxg7+ Ke8 45. Qg8+ Bf8 46. Qxf8#
1-0

[Event "Ottawa op"]
[Site "Ottawa CAN"]
[Date "1976.03.14"]
[Round "5"]
[White "Levtchouk, George"]
[Black "Brodie, Hugh"]
[Result "1/2-1/2"]
[WhiteElo "1945"]
[BlackElo "1905"]
[PlyCount "56"]
[EventDate "1976.03.12"]
[EventType "swiss"]
[EventRounds "5"]
[EventCountry "CAN"]

1. Nf3 Nf6 2. g3 g6 3. Bg2 Bg7 4. O-O O-O 5. c4 c5 6. Nc3 Nc6 7. d4 cxd4 8.
Nxd4 Qb6 9. Nb3 d6 10. Bg5 Be6 11. Nd5 Bxd5 12. cxd5 Ne5 13. Qd4 Qxd4 14. Nxd4
a6 15. Rac1 Rac8 16. b3 h6 17. Bd2 Ned7 18. Ba5 Kh7 19. Bh3 Rc5 20. Rxc5 dxc5
21. Nf3 b6 22. Bc3 Rd8 23. Rd1 Ne4 24. Bxg7 Kxg7 25. Bxd7 Rxd7 26. Ne5 Rd8 27.
Nc6 Rd7 28. Ne5 Rd8 1/2-1/2

[Event "Vermont op"]
[Site "Burlington USA"]
[Date "1976.02.14"]
[Round "1"]
[White "Ploof, D."]
[Black "Brodie, Hugh"]
[Result "0-1"]
[WhiteElo "1116"]
[BlackElo "1910"]
[PlyCount "72"]
[EventDate "1976.02.15"]
[EventType "swiss"]
[EventRounds "5"]
[EventCountry "USA"]

1. e4 c5 2. Nc3 Nc6 3. Bc4 g6 4. d3 Bg7 5. Bd2 d6 6. Nge2 Nf6 7. Nf4 O-O 8. O-O
a6 9. Rb1 b5 10. Bd5 Nxd5 11. Nfxd5 Be6 12. Nf4 Bd7 13. Nfd5 e6 14. Nf4 b4 15.
Nce2 e5 16. Nd5 f5 17. f3 f4 18. c3 a5 19. a3 bxa3 20. bxa3 Rb8 21. Rxb8 Qxb8
22. Qc2 Qa7 23. Qb3 c4+ 24. Be3 Qxe3+ 25. Nxe3 cxb3 26. Nc4 Rf6 27. Nc1 a4 28.
Ne2 Bf8 29. Rb1 Be7 30. d4 Rf8 31. Nb6 Nb8 32. Nc4 Bb5 33. Nxd6 Bxd6 34. Nc1
Bxa3 35. Nxb3 Bd3 36. Ra1 axb3 0-1